000 01268naa a22003257a 4500
001 BR8500926
003 BR-BrBNA
005 20240918175520.0
007 ta
008 230509b bl.||||| |||| 00| 0 por d
040 _aBR-BrBNA
_bpor
_cBiblioteca Nacional de Agricultura
041 _a(Pt)
072 _aF00
_b1126
090 _aF00 BR8500926
100 1 _aRodrigues, A.E.C.
100 1 _aKoller, O.C.
100 1 _aManica, I.
111 1 _a7. Congresso Brasileiro de Fruticultura
_cFlorianopolis, SC (Brazil)
_d26-30 Sep 1983
245 1 _aResposta do abacaxizeiro (Ananas comosus (L.)Merril)a diferentes epocas de plantio
246 1 _aResponse of pineapple (Ananas comosus (L.)Merril)to different dates of planting
246 1 _a[Proceedings of the 7. Brazilian Congress on Fruit Crops]
260 3 _aFlorianopolis, SC (Brasil):
_c1984.
500 _aAnais do 7. Congresso Brasileiro de Fruticultura Florianopolis, SC (Brasil): 1984. v. 1 p. 128-144 (BR8500926-AM)F00
650 _aABACAXI
650 _aPLANTIO
650 _aCALENDARIO AGRICOLA
773 0 _tAnais do 7. Congresso Brasileiro de Fruticultura
_wF00 BR8500926
_gFlorianopolis, SC (Brasil), 1984. v. 1 p. 128-144
909 _a202404
_bLucia
_c55
_dLucia Elande
942 _cAM
_2AGRIS
999 _c317093
_d317093